000 01445cam a2200229 4500500
005 20251228052256.0
041 _afre
042 _adc
100 1 0 _aMayer, Jean-François
_eauthor
245 0 0 _aCroire en ligne : usages religieux d'Internet et catholicisme contemporain
260 _c2010.
500 _a46
520 _aRésuméLes développements rapides d’Internet et des usages qui y sont associés exercent aussi un impact sur les religions, à commencer par la nécessité d’adapter leurs méthodes de communication au cyberespace, tant pour un usage interne que pour un public plus large. Les attentes des internautes ne correspondent pas toujours aux espoirs de projets pastoraux en ligne. La logique d’Internet s’éloigne en outre de l’approche verticale de structures hiérarchiques et favorise un fonctionnement horizontal. L’apparition de nouvelles pratiques telles que la prière en ligne interroge sur la notion de communautés virtuelles et sur les différences ou similitudes avec les formes classiques d’expérience religieuse.
690 _acommunautés virtuelles
690 _acyberespace
690 _aInternet
690 _apratiques religieuses en ligne
690 _aréseaux sociaux
690 _aweb
786 0 _nTransversalités | 116 | 4 | 2010-10-01 | p. 45-62 | 1286-9449
856 4 1 _uhttps://shs.cairn.info/revue-transversalites-2010-4-page-45?lang=fr&redirect-ssocas=7080
999 _c1583194
_d1583194